书目信息 |
| 题名: |
习近平谈治国理政(英文版)
|
|
| 作者: | 习近平著 , 英文翻译组 译 | |
| 分册: | 第三卷 | |
| 出版信息: | 北京 外文出版社 2021.06 |
|
| 页数: | 650页 | |
| 开本: | 20cm | |
| 丛书名: | ||
| 单 册: | ||
| 中图分类: | D2-0:H | |
| 科图分类: | ||
| 主题词: | 中国共产党 | |
| 电子资源: | ||
| ISBN: | 978-7-119-12411-7 | |
| 000 | 00701nam0 2200205 450 | |
| 001 | 2259161324 | |
| 005 | 20220407163812.97 | |
| 010 | @a978-7-119-12411-7@dCNY80.00 | |
| 100 | @a20220407d2021 km y0chiy0120 ea | |
| 101 | 0 | @achi |
| 102 | @aCN@b110000 | |
| 200 | 1 | @a习近平谈治国理政(英文版)@AXi Jin Ping Tan Zhi Guo Li Zheng(Ying Wen Ban)@h第三卷@f习近平著,英文翻译组译@FXi Jin Ping Zhu,Ying Wen Fan Yi Zu Yi |
| 210 | @a北京@c外文出版社@d2021.06 | |
| 215 | @a650页@d20cm | |
| 606 | 0 | @a中国共产党 |
| 690 | @aD2-0:H@v4 | |
| 701 | 0 | @a习近平著@AXi Jin Ping Zhu@4译 |
| 701 | 0 | @a英文翻译组@AYing Wen Fan Yi Zu@4译 |
| 801 | 0 | @aCN@b大连网信软件有限公司图书馆·11@c20220407 |
| 905 | @aZUCC@dD2-0:H@eX1511:3 | |
| 习近平谈治国理政(英文版).第三卷/习近平著,英文翻译组译.-北京:外文出版社,2021.06 |
| 650页;20cm |
| ISBN 978-7-119-12411-7:CNY80.00 |
| ● |
| 相关链接 |
|
|
|
正题名:习近平谈治国理政(英文版)
索取号:D2-0:H/X1511:3
 
预约/预借
| 序号 | 登录号 | 条形码 | 馆藏地/架位号 | 状态 | 备注 |
| 1 | 1507397 | 215073970 | 外国语学院资料室/ [索取号:D2-0:H/X1511:3] | 在馆 | |
| 2 | 1507398 | 215073989 | 外国语学院资料室/ [索取号:D2-0:H/X1511:3] | 在馆 | |
| 3 | 1507399 | 215073998 | 外国语学院资料室/ [索取号:D2-0:H/X1511:3] | 在馆 | |
| 4 | 1507400 | 215074005 | 外国语学院资料室/ [索取号:D2-0:H/X1511:3] | 在馆 |